| 000 | 00684nam a22002531 4500 | ||
|---|---|---|---|
| 999 |
_c8468 _d8468 |
||
| 001 | 8468 | ||
| 003 | BD-JhCC | ||
| 005 | 20180627084447.0 | ||
| 008 | 721219m19599999nyua 000 0 eng | ||
| 035 | _a(BD-JhCC)8468 | ||
| 040 |
_aDLC _cDLC _dDLC |
||
| 041 | _aeng | ||
| 050 | 0 | 0 |
_aTJ1160 _b.B8762 |
| 082 | 0 | 0 |
_a621.75 _bBUR 1960 |
| 100 | 1 | _aBurghardt, Henry D. | |
| 245 | 0 | 0 |
_aMachine tool operation / _cHenry D. Burghardt, Aaron Axelrod and James Anderson. |
| 250 | _a5th ed. | ||
| 260 |
_aNew York, _bMcGraw-Hill _c[1959- |
||
| 300 |
_av. 680 p. : _billus. _c21 cm. |
||
| 650 | 0 | _aMachine-shop practice. | |
| 650 | 0 | _aMachine-tools. | |
| 942 |
_2ddc _cBK |
||